Company law in a nutshell (Record no. 5796)
[ view plain ]
| 000 -LEADER | |
|---|---|
| fixed length control field | 00288nam a22000977a 4500 |
| 005 - DATE AND TIME OF LATEST TRANSACTION | |
| control field | 20250901165544.0 |
| 008 - FIXED-LENGTH DATA ELEMENTS--GENERAL INFORMATION | |
| fixed length control field | 210809b |||||||| |||| 00| 0 eng d |
| 050 ## - LIBRARY OF CONGRESS CALL NUMBER | |
| Classification number | KD2079.3 .R67 2004 |
| 245 ## - TITLE STATEMENT | |
| Title | Company law in a nutshell |
| Statement of responsibility, etc. | Rose, Francis |
| 942 ## - ADDED ENTRY ELEMENTS (KOHA) | |
| Source of classification or shelving scheme | Library of Congress Classification |
| Classification part | KD2079.3 .R67 2004 |
| Withdrawn status | Lost status | Source of classification or shelving scheme | Damaged status | Not for loan | Home library | Current library | Shelving location | Date acquired | Total checkouts | Full call number | Barcode | Date last seen | Price effective from | Koha item type |
|---|---|---|---|---|---|---|---|---|---|---|---|---|---|---|
| Library of Congress Classification | Main Library | Main Library | 08/09/2021 | KD2079.3 .R67 2004 | PIU0001771 | 08/09/2021 | 08/09/2021 | Books |